Glossary of the book : (Record no. 129392)

MARC details
000 -LEADER
fixed length control field 00691nam a22002177a 4500
005 - DATE AND TIME OF LATEST TRANSACTION
control field 20170124110055.0
010 ## - LIBRARY OF CONGRESS CONTROL NUMBER
LC control number 171571
020 ## - INTERNATIONAL STANDARD BOOK NUMBER
Terms of availability 00.00
035 ## - SYSTEM CONTROL NUMBER
System control number 171571
037 ## - SOURCE OF ACQUISITION
Source of stock number/acquisition Cen Lib/Ret
040 ## - CATALOGING SOURCE
Original cataloging agency DPL
Language of cataloging EN
082 ## - DEWEY DECIMAL CLASSIFICATION NUMBER
Classification number 655.4
Item number GLA
100 ## - MAIN ENTRY--PERSONAL NAME
Personal name Glaister, Geoffrey Ashall
9 (RLIN) 26243
245 ## - TITLE STATEMENT
Title Glossary of the book :
Statement of responsibility, etc by Geoffrey Ashall Glaister
Remainder of title terms used in paper-making, printing, bookbinding and publishing /
260 ## - PUBLICATION, DISTRIBUTION, ETC. (IMPRINT)
Place of publication, distribution, etc London
Name of publisher, distributor, etc George Allen and Unwin Ltd
Date of publication, distribution, etc 1960
270 ## - ADDRESS
Address Ruskin House, Museum Street
300 ## - PHYSICAL DESCRIPTION
Extent 484p. :
Dimensions 26cm(Hb)
Other physical details ill.
650 ## - SUBJECT ADDED ENTRY--TOPICAL TERM
Topical term or geographic name as entry element Books -- Dictionaries
9 (RLIN) 26244
650 ## - SUBJECT ADDED ENTRY--TOPICAL TERM
Topical term or geographic name as entry element Books
9 (RLIN) 25991
942 ## - ADDED ENTRY ELEMENTS (KOHA)
Source of classification or shelving scheme Dewey Decimal Classification
Koha item type English Books
Classification part 655.4
Call number suffix GLA
Holdings
Withdrawn status Lost status Damaged status Not for loan Home library Current library Date acquired Source of acquisition Cost, normal purchase price Total Checkouts Full call number Barcode Date last seen Copy number Cost, replacement price Price effective from Koha item type Public note
Written off       Central Library Central Library 06/07/2015 Cen Lib/Ret 0.00   655.4 GLA 171571 06/07/2015 1 0.00 06/07/2015 English Books W/d List No. 6867/1 ; dtd 11/08/2020

© Delhi Public Library
Hit Counter
free hit counter